| 000 | 00621nam a2200229Ia 4500 | ||
|---|---|---|---|
| 003 | OSt | ||
| 005 | 20220926012123.0 | ||
| 006 | a|||||r|||| 00| 0 | ||
| 007 | ta | ||
| 008 | 220923b |||||||| |||| 00| 0 eng d | ||
| 037 | _cGeneral Book | ||
| 040 |
_aRTL _cRTL _beng |
||
| 041 |
_2eng _aeng |
||
| 082 | _aY9(X61), N4 | ||
| 100 |
_aZELIZER Viviana A _9314019 |
||
| 245 | 0 | _aSocial meaning of money | |
| 260 |
_aNew York _bBasic Books _c1994 |
||
| 300 |
_axi, 286p _ccm. |
||
| 650 |
_aMoney Sociology _9288328 |
||
| 942 |
_hY9(X61), N4 _cGB _2CC |
||
| 999 |
_c621752 _d621752 |
||